Lira greca : poesia popolare, elegiaca, giambica, corale ad uso dei licei. <a cura di> A. M. Pizzagalli
Guardado en:
| Otros Autores: | |
|---|---|
| Formato: | Libro |
| Lenguaje: | italiano griego (moderno) |
| Publicado: |
Lanciano
G. Carabba
1933
|
| Catálogo: | EDISCO: Resultados de Búsqueda del Catálogo |
| Clasificación de libros de texto: |
|
| Etiquetas: |
Agregar Etiqueta
Sin Etiquetas, Sea el primero en etiquetar este registro!
|
| Añadido a: | 2016-04-30 |
| Cambiado en: | 2017-10-04 |
MARC
| LEADER | 00000aam a22000005 4500 | ||
|---|---|---|---|
| 001 | 23050 | ||
| 003 | OSt | ||
| 005 | 20171004090755.0 | ||
| 008 | 160501s1933 it 000 0 ita | ||
| 040 | |c Paola Zonca - Torino - SBN | ||
| 041 | 1 | |a gre | |
| 245 | 0 | 0 | |a Lira greca : poesia popolare, elegiaca, giambica, corale ad uso dei licei. <a cura di> A. M. Pizzagalli |
| 260 | |a Lanciano |b G. Carabba |c 1933 | ||
| 300 | |a 296 p., 1/1 ; |c in 16° | ||
| 901 | |a 5 | ||
| 700 | 1 | |a Pizzagalli, Angelo Maria. | |
| 942 | |2 ddc |c BK | ||
| 546 | |a ita | ||
| 999 | |c 23039 |d 23039 | ||
| 999 | |c edisco:23039 |d 23039 | ||